Élimination des pays (niveau 2) - Statistiques

Statistiques générales
  • Ce quiz a été pris 583 fois
  • Le résultat moyen est 55 sur 80
Statistiques - réponses
Question Tuile Select % Correct
Pays ayant plus qu'une frontière... Nouvelle Zélande Non
96%
Pays ayant plus qu'une frontière... Bahamas Non
95%
...touchant à au moins un océan... Soudan du Sud Non
90%
...touchant à au moins un océan... Lesotho Non
89%
...pas en Afrique... Soudan du Sud Non
89%
...pas en Afrique... Angola Non
88%
...pas en Afrique... Lesotho Non
88%
Pays ayant plus qu'une frontière... Philippines Non
88%
...pas en Afrique... Tanzanie Non
88%
Pays ayant plus qu'une frontière... Irlande Non
86%
...permettant le passage de l'Atlantique au Pacifique et vice-versa. Lesotho Non
85%
Pays ayant plus qu'une frontière... République dominicaine Non
85%
...permettant le passage de l'Atlantique au Pacifique et vice-versa. Angola Non
84%
Pays ayant plus qu'une frontière... Russie Oui
84%
...permettant le passage de l'Atlantique au Pacifique et vice-versa. Soudan du Sud Non
84%
...permettant le passage de l'Atlantique au Pacifique et vice-versa. Tanzanie Non
84%
Pays ayant plus qu'une frontière... Corée du Sud Non
83%
...permettant le passage de l'Atlantique au Pacifique et vice-versa. Grèce Non
83%
...avec une capitale de 6 lettres... Corée du Sud Non
82%
...permettant le passage de l'Atlantique au Pacifique et vice-versa. Corée du Sud Non
82%
...permettant le passage de l'Atlantique au Pacifique et vice-versa. Turquie Non
82%
...permettant le passage de l'Atlantique au Pacifique et vice-versa. Irlande Non
81%
...permettant le passage de l'Atlantique au Pacifique et vice-versa. Paraguay Non
81%
...avec une capitale de 6 lettres... Nouvelle Zélande Non
80%
...avec une capitale de 6 lettres... Paraguay Non
80%
...avec une capitale de 6 lettres... Philippines Non
80%
...pas en Afrique... Russie Oui
80%
...permettant le passage de l'Atlantique au Pacifique et vice-versa. Indonésie Non
79%
Pays ayant plus qu'une frontière... Lesotho Non
79%
...permettant le passage de l'Atlantique au Pacifique et vice-versa. Nouvelle Zélande Non
79%
...permettant le passage de l'Atlantique au Pacifique et vice-versa. Philippines Non
79%
...avec une capitale de 6 lettres... République dominicaine Non
79%
...avec une capitale de 6 lettres... Indonésie Non
78%
...touchant à au moins un océan... Paraguay Non
78%
...touchant à au moins un océan... Russie Oui
78%
Pays ayant plus qu'une frontière... Turquie Oui
78%
Pays ayant plus qu'une frontière... Paraguay Oui
77%
...permettant le passage de l'Atlantique au Pacifique et vice-versa. République dominicaine Non
77%
...touchant à au moins un océan... Turquie Non
77%
...permettant le passage de l'Atlantique au Pacifique et vice-versa. Bahamas Non
76%
Pays ayant plus qu'une frontière... Grèce Oui
74%
...avec une capitale de 6 lettres... Lesotho Non
74%
...touchant à au moins un océan... Grèce Non
73%
...pas en Afrique... Panama Oui
73%
Pays ayant plus qu'une frontière... Soudan du Sud Oui
73%
Pays ayant plus qu'une frontière... Angola Oui
72%
Pays ayant plus qu'une frontière... Tanzanie Oui
72%
...avec une capitale de 6 lettres... Bahamas Non
71%
...avec une capitale de 6 lettres... Grèce Non
71%
...avec une capitale de 6 lettres... Soudan du Sud Non
71%
...avec une capitale de 6 lettres... Tanzanie Non
71%
...pas en Afrique... Indonésie Oui
70%
Pays ayant plus qu'une frontière... Panama Oui
70%
...permettant le passage de l'Atlantique au Pacifique et vice-versa. Russie Non
69%
...touchant à au moins un océan... Indonésie Oui
68%
...touchant à au moins un océan... Panama Oui
68%
...avec une capitale de 6 lettres... Angola Non
67%
...avec une capitale de 6 lettres... Russie Oui
67%
...permettant le passage de l'Atlantique au Pacifique et vice-versa. Panama Oui
59%
...touchant à au moins un océan... Tanzanie Oui
57%
...touchant à au moins un océan... Angola Oui
55%
Pays ayant plus qu'une frontière... Indonésie Oui
52%
...touchant à au moins un océan... République dominicaine Non
48%
...avec une capitale de 6 lettres... Irlande Non
47%
...avec une capitale de 6 lettres... Panama Oui
47%
...avec une capitale de 6 lettres... Turquie Non
46%
...touchant à au moins un océan... Bahamas Non
45%
...touchant à au moins un océan... Corée du Sud Non
44%
...touchant à au moins un océan... Philippines Non
42%
...pas en Afrique... Bahamas Non
40%
...pas en Afrique... République dominicaine Non
40%
...touchant à au moins un océan... Irlande Non
39%
...pas en Afrique... Nouvelle Zélande Non
39%
...touchant à au moins un océan... Nouvelle Zélande Non
38%
...pas en Afrique... Paraguay Non
37%
...pas en Afrique... Philippines Non
37%
...pas en Afrique... Corée du Sud Non
36%
...pas en Afrique... Irlande Non
36%
...pas en Afrique... Turquie Non
36%
...pas en Afrique... Grèce Non
32%
Aucun quiz correspondant
Distribution des résultats
% des personnes avec chaque résultat
Percentile par nombre de réponses
Votre historique - résultats
Vous n’avez pas pris ce quiz